| 000 | 00624nam a2200205Ii 4500 | ||
|---|---|---|---|
| 003 | JO-AjNU | ||
| 008 | 230605s9999||||xx |||||||||||||| ||und|| | ||
| 017 | _a1976/3178 | ||
| 040 |
_aJO-AjNU _bara _erda _cJO-AjNU |
||
| 041 | _aara | ||
| 050 | 1 | 4 | _aPJ7802.B28.D3 1976 |
| 100 | 3 |
_aتأليف أباظة،ثروت, _eauthor _98588 |
|
| 245 | 0 | 0 | _aالضباب |
| 264 | 3 | 1 | _aالقاهرة:دار نهضة مصر للطباعة والنشر،1976 |
| 300 | _a200ص | ||
| 336 |
_atext _btxt _2rdacontent |
||
| 337 |
_aunmediated _bn _2rdamedia |
||
| 338 |
_avolume _bnc _2rdacarrier |
||
| 650 | 4 |
_aالقصص العربية _98589 |
|
| 999 |
_aA866 _c4434 _d4434 |
||